Bases para el establecimiento de vínculos comerciales entre el Río de la Plata y el Brasil a fines de la etapa colonial (Registro nro. 12049)
[ vista simple ]
| 000 -LEADER | |
|---|---|
| fixed length control field | 00637nam a2200205Ia 4500 |
| 005 - DATE AND TIME OF LATEST TRANSACTION | |
| control field | 20250822170841.0 |
| 008 - FIXED-LENGTH DATA ELEMENTS--GENERAL INFORMATION | |
| fixed length control field | 250822s9999||||xx |||||||||||||| ||und|| |
| 100 ## - MAIN ENTRY--PERSONAL NAME | |
| Personal name | Asdrúbal Silva, Hernán |
| 245 #0 - TITLE STATEMENT | |
| Title | Bases para el establecimiento de vínculos comerciales entre el Río de la Plata y el Brasil a fines de la etapa colonial |
| 300 ## - PHYSICAL DESCRIPTION | |
| Extent | p. 475-488 |
| 650 ## - SUBJECT ADDED ENTRY--TOPICAL TERM | |
| Topical term or geographic name entry element | COMERCIALIZACION |
| 650 ## - SUBJECT ADDED ENTRY--TOPICAL TERM | |
| Topical term or geographic name entry element | COMERCIO |
| 650 ## - SUBJECT ADDED ENTRY--TOPICAL TERM | |
| Topical term or geographic name entry element | ESCLAVITUD |
| 650 ## - SUBJECT ADDED ENTRY--TOPICAL TERM | |
| Topical term or geographic name entry element | HISTORIA |
| 650 ## - SUBJECT ADDED ENTRY--TOPICAL TERM | |
| Topical term or geographic name entry element | SIGLO XVIII |
| 651 ## - SUBJECT ADDED ENTRY--GEOGRAPHIC NAME | |
| Geographic name | ARGENTINA-RIO DE LA PLATA |
| 651 ## - SUBJECT ADDED ENTRY--GEOGRAPHIC NAME | |
| Geographic name | BRASIL |
| 773 ## - HOST ITEM ENTRY | |
| Main entry heading | Anuario de estudios americanos Vol. 54 No. 2 (1997) |
| 942 ## - ADDED ENTRY ELEMENTS (KOHA) | |
| -- | MJCh |
No hay ítems disponibles.